De quel élève de Seconde A de My Hero Academia est ce la chambre ? - Statistiques

Statistiques générales
  • Ce quiz a été pris 236 fois
  • Le résultat moyen est 12 sur 17
Statistiques - réponses
Par images Réponse % Correct
Izuku Midoriya
100%
Shoto Todoroki
89%
Eijiro Kirishima
87%
Fumikage Tokoyami
86%
Momo Yaoyorozu
86%
Kyoka Jiro
84%
Yuga Aoyama
84%
Mina Ashido
81%
Tenya Iida
78%
Toru Hagakure
66%
Koji Koda
65%
Denki Kaminari
60%
Rikido Sato
58%
Mashirao Ojiro
57%
Mezo Shoji
55%
Hanta Sero
54%
Ochaco Uraraka
54%
Aucun quiz correspondant
Distribution des résultats
% des personnes avec chaque résultat
Percentile par nombre de réponses
Votre historique - résultats
Vous n’avez pas pris ce quiz